| 000 | 00473nam a22001817a 4500 | ||
|---|---|---|---|
| 003 | OSt | ||
| 005 | 20140310181712.0 | ||
| 008 | 121210t xxu||||| |||| 00| 0 eng d | ||
| 050 |
_aPL 6058.45 _b.M239 2000 |
||
| 082 |
_aFIL 899.211305 _bM29 200 |
||
| 245 | _aMalate / | ||
| 260 |
_aManila, Philippines : _bDe La Salle University. _c2000. |
||
| 300 |
_av. : ill. ; _c23 cm. |
||
| 521 | _aBasic Ed Student | ||
| 541 | _j1 | ||
| 562 | _e1 | ||
| 942 |
_2lcc _cBK-FIL _kFIL |
||
| 999 |
_c1613 _d1613 |
||